000 00786aam a2200289 i 4500
001 768714001
003 CO-MdFUSB
005 20250522112821.0
007 ta
008 250522t1988 -us |||| |||| 00| 0 eng d
020 _a0-8308-1212-1
040 _cCO-MdFUSB
041 0 _aeng
082 0 4 _223
_a248.4
_bK114c
245 1 0 _aThe complete campus companion
_c/ editado por Robert M. Kachur
264 1 _bInterVarsity Press,
_aDowners Grove, ILL., USA :
_c[1988]
264 4 _c©1988
300 _a311 páginas
336 _atexto
_btxt
_2rdacontent
337 _2rdamedia
_asin mediación
_bn
338 _2rdacarrier
_avolumen
_bnc
563 _aRústico
650 0 _aVida cristiana
_919
700 _aKachur, Robert M.,
_911561
_eeditor
942 _cBK
945 _aJTF-925
999 _c35811
_d35811